An elephant's eye view of the mouse: American impressions of Canadian governance (Record no. 87698)

000 -LEADER
fixed length control field 01147pab a2200169 454500
008 - FIXED-LENGTH DATA ELEMENTS--GENERAL INFORMATION
fixed length control field 180718b2010 xxu||||| |||| 00| 0 eng d
100 ## - MAIN ENTRY--PERSONAL NAME
Personal name Baker, Dana Lee
245 ## - TITLE STATEMENT
Title An elephant's eye view of the mouse: American impressions of Canadian governance
260 ## - PUBLICATION, DISTRIBUTION, ETC.
Date of publication, distribution, etc. 2010
300 ## - PHYSICAL DESCRIPTION
Extent p129-139.
362 ## - DATES OF PUBLICATION AND/OR SEQUENTIAL DESIGNATION
Dates of publication and/or sequential designation Mar
520 ## - SUMMARY, ETC.
Summary, etc. Canada and the United States share a border with one of the longest peaceful existencies in the world. Yet relationships between the two countries, while seemingly routine, often lack transparency and mutual comprehension. of particular concern in Canada is a growing impression that public discourse in the United States considers Canadian governance to be flawed. This article employs the cases of terrorism and SARS to examine discourse regarding Canadian public administration in the United States press. The results of this analysis not only demonstrate elements of the American understanding of Canada but also speak to the role of peer nations in domestic policy discourse. - Reproduced.
650 ## - SUBJECT ADDED ENTRY--TOPICAL TERM
Topical term or geographic name entry element Public administration
773 ## - HOST ITEM ENTRY
Main entry heading International Political Science Review
908 ## - PUT COMMAND PARAMETER (RLIN)
Put command parameter N
909 ## -
-- 87698
Holdings
Withdrawn status Lost status Damaged status Not for loan Permanent Location Current Location Date acquired Serial Enumeration / chronology Barcode Date last seen Price effective from Koha item type
        Indian Institute of Public Administration Indian Institute of Public Administration 2018-07-19 Volume no: 31, Issue no: 2 AR88158 2018-07-19 2018-07-19 Articles

Powered by Koha